000 00877cab a2200289 4500
001 X2480
008 090401t1995 xxu||||| |||| 00| 0 eng d
035 _a(Sirsi) u24547
041 _aeng
245 _aSheffield Development Corporation v Glossop Sectional Buildings Ltd
260 _c1995
350 _a0
490 _aProperty and Compensation Reports
_v(1995) 70 P&CR 1-9(9)
520 _aCA 30 June 1994.
650 _aACQUISITION
650 _aBLIGHT NOTICES
650 _aCompulsory purchase
_96228
650 _aDELAY
650 _aEXTINGUISHMENT OF BUSINESS
650 _aLAND COMPENSATION ACT 1973 S46
650 _aMANUFACTURING SITES
650 _aNOTICE OF ENTRY
650 _aNOTICE TO TREAT
690 _aENVIRONMENTAL AND LAND CONSULTANCY-PLANNING AND DEVELOPMENT-COMPULSORY PURCHASE AND COMPENSATION
942 _n0
948 _c04/03/1997
999 _c16465
_d16465